Представление документа в формате RUSMARC

ПолеНазваниеЗначение
  Тип записи c
  Библиографический уровень m
001 Контрольный номер RU/IS/BASE/516976891
005 Дата корректировки 20251002152418.7
100 Данные общей обработки __
a Данные общей обработки 20160519d1963 u y0rusy0189||||ca
101 Язык документа 0_
a Язык текста rus
102 Страна публикации __
a Страна публикации RU
105 Кодированные данные (монография) __
a Кодированные данные (монография) y###||||000|y
200 Заглавие и сведения об ответственности 1_
a Заглавие Из репертуара Квартета баянистов Киевской государственной филармонии
b Общее обозначение материала [Ноты]
f Первые сведения об ответственности сост., [перелож. и исп. ред.] Н. Ризоль
210 Выходные данные 1_
a Место издания Москва
c Издательство Музыка
d Дата издания 1975-
215 Физическое описание __
d Формат 21 см
686 Индексы других классификаций __
a Классификационный индекс 85
2 Код системы rubbk
702 Вторичная интеллектуальная ответственность _1
a Фамилия Ризоль
b Имя (инициалы) Н.
4 Код отношения 340
4 Код отношения 220
4 Код отношения 030
801 Источник записи _0
a Страна RU
b Организация Ульяновская ОНБ
c Дата составления 20160519
g Правила каталогизации RCR
801 Источник записи _1
a Страна RU
b Организация Ульяновская ОНБ
c Дата составления 20160519
g Правила каталогизации RCR
901 Тип документа __
t Тип документа v
909 Создатель записи __
a Создатель записи Никитина Т. А.
938 Служебная информация __
a Имя БД noti
b Имя библиотеки УОНБ
c Имя АИБС МАРК-SQL
d Номер DOC_ID в БД 14676